| 000 | 00407nam a2200181Ia 4500 | ||
|---|---|---|---|
| 001 | 17449 | ||
| 005 | 20260306171518.0 | ||
| 008 | 260306s9999||||xx |||||||||||||| ||und|| | ||
| 041 | _aESP | ||
| 082 |
_a658 _bD14A |
||
| 100 |
_aDaft, Richard L. _eAUT |
||
| 245 | 0 | _aManagement | |
| 260 | _c1998 | ||
| 300 |
_axv, 744 páginas : _c26 cm. |
||
| 650 | _aGEN | ||
| 654 | _aCAN | ||
| 942 |
_cLIB _dJUS _fJUS _2ddc _n |
||
| 999 |
_c17449 _d17449 |
||